• 首页
  • 本馆介绍
  • 公告通知
  • 最新文献
  • 馆藏检索
  • 电子资源
  • 读者导购
  • 参考咨询
  • 我的图书馆
  • 登录
  • 详细信息显示
  • 放入我的书架
  • 预约/预借图书
  • 作者相关作品
  • 分类相关作品
  • 丛书相关作品
  • 出版社相关作品

书目信息

  • 表格格式
  • 工作单格式
  • 卡片格式
题名:
服装缝制工艺
    
 
作者: 李园 主编
分册:  
出版信息: 北京   中国劳动出版社  2008.02
页数: 59页
开本: 26cm
丛书名:
单 册:
中图分类: TS941.63
科图分类:
主题词: 服装缝制
电子资源:
ISBN: 978-7-5045-4423-0
000 00640nam0 2200217 450
001 0855790558
005 20081208102634.24
010    @a978-7-5045-4423-0@dCNY8.00
100    @a20081205d2008 km y0chiy0120 ea
101 0  @achi
102    @aCN@b110000
200 1  @a服装缝制工艺@Afu zhuang feng zhi gong yi@e初级@f李园主编@Fli yuan zhu bian
210    @a北京@c中国劳动出版社@d2008.02
215    @a59页@d26cm
300    @a劳动预备制教材·职业培训教材
517 1  @a初级@Achu ji
606 0  @a服装缝制
690    @aTS941.63@v4
701  0 @a李园@Ali yuan@4主编
801  0 @aCN@b山东省滨州职业学院图书馆@c20081208
905    @aBZT@dTS941.63@e3@f5
    
    服装缝制工艺:初级/李园主编.-北京:中国劳动出版社,2008.02
    59页;26cm
    劳动预备制教材·职业培训教材
    
    ISBN 978-7-5045-4423-0:CNY8.00
    
●
相关链接 在五车中查询图书 在当当中查询图书 在豆瓣中查询图书


正题名:服装缝制工艺     索取号:TS941.63/3         预约/预借

序号 登录号 条形码 馆藏地/架位号 状态 备注
1 0687916   2000687916   样本书库/样006架B面3层1列/ [索取号:TS941.63/3] 在馆    
2 0687917   2000687917   中心书库中库/ 中库024架B面4列5层21/ [索取号:TS941.63/3] 在馆    
3 0687918   2000687918   中心书库中库/ 中库024架B面4列5层22/ [索取号:TS941.63/3] 在馆    
4 0687919   2000687919   中心书库中库/ 中库025架B面3列6层34/ [索取号:TS941.63/3] 在馆    
5 0687920   2000687920   中心书库中库/ 中库024架B面4列5层23/ [索取号:TS941.63/3] 在馆    
山东省滨州职业学院图书馆 欢迎您!
大连网信软件有限公司© 版权所有